书目信息 |
| 题名: |
练功与养生
|
|
| 作者: | 吴诚德 , 乐秀珍 著 | |
| 分册: | ||
| 出版信息: | 北京 人民体育出版社 1982.1 |
|
| 页数: | 123页 | |
| 开本: | 19cm | |
| 丛书名: | ||
| 单 册: | ||
| 中图分类: | R247.3 | |
| 科图分类: | ||
| 主题词: | 中医学:临床医学 | |
| 电子资源: | ||
| ISBN: | ||
| 000 | 00599nam0 2200205 45 | |
| 001 | 0181013069 | |
| 005 | 20060111084042.10 | |
| 010 | @dCNY0.37 | |
| 091 | @a7015.2101 | |
| 100 | @a20810111d km y0chiy0120 ea | |
| 101 | 0 | @achi |
| 200 | 1 | @a练功与养生@Alian gong yu yang sheng@f吴诚德,乐秀珍著@Fwu cheng de le xiu zhen |
| 210 | @a北京@c人民体育出版社@d1982.1 | |
| 215 | @a123页@c图表@d19cm | |
| 606 | 0 | @a中医学:临床医学 |
| 690 | @aR247.3 | |
| 701 | 0 | @a吴诚德@Awu cheng de@4著 |
| 701 | 0 | @a乐秀珍@Ayue xiu zhen@4著 |
| 801 | @aCN@bTSTC@c20060111 | |
| 905 | @dR247.3@f3@b149344-346@e13@b93487@f1 | |
| 练功与养生/吴诚德,乐秀珍著.-北京:人民体育出版社,1982.1 |
| 123页:图表;19cm |
| ISBN :CNY0.37 |
| ● |
| 相关链接 |
|
|
|
|
正题名:练功与养生
索取号:R247.3/13
 
预约/预借
| 序号 | 登录号 | 条形码 | 馆藏地/架位号 | 状态 | 备注 |
| 1 | 0093487 | 000711778 | 密集书库/ [索取号:R247.3/13] | 在馆 | |
| 2 | 0093488 | 202171372 | 密集书库/ [索取号:R247.3/13] | 在馆 | |
| 3 | 0093489 | 000711803 | 第二样本阅览室/ [索取号:R247.3/13] | 在馆 | |
| 4 | 0149344 | 000711796 | 密集书库/ [索取号:R247.3/13] | 在馆 | |
| 5 | 0149345 | 000711787 | 密集书库/ [索取号:R247.3/13] | 在馆 | |
| 6 | 0149346 | 000714418 | 密集书库/ [索取号:R247.3/13] | 在馆 |